00910nam a22002297a 45000010005000000030006000050050017000110080041000280200018000690400029000870500012001160820013001281000020001412450074001612600038002353000051002735050008003245200273003325210023006055210020006287000032006485588FISKH20250116161616.0241219b cb ||||| |||| 00| 0 eng d a9780545859059 aFISKHbengcFISKHdFISKH aPZ7.D38 a741.5973 aDavis, Eleanor  aThe secret science Alliance and the Copycat Crook /cby Eleanor Davis aNew York : bScholastic ;c2009.  a150 pages : bcolor illustrations ; c22 cm .  aJ  aEleven-year-old Julian Calendar thought changing schools would mean leaving his "nerdy" persona behind, but instead he forms an alliance with fellow inventors Greta and Ben and works with them to prevent an adult from using one of their gadgets for nefarious purposes.8 a470 bLexile GN 8 aJ bRaz-Plus  aLind, John eBook designer